[Event "Teplice op 18th"]
[Site "Teplice"]
[Date "2025.06.21"]
[Round "8"]
[White "Kenneskog, Theodor"]
[Black "Stocek, Jiri"]
[Result "1/2-1/2"]
[WhiteElo "2298"]
[BlackElo "2459"]
[PlyCount "93"]
[EventDate "2025.06.14"]
[EventType "swiss"]
[EventRounds "9"]
[EventCountry "CZE"]
[SourceTitle "CB26_2025"]
[SourceDate "2025.06.25"]
[SourceVersion "1"]
[SourceVersionDate "2025.06.25"]
[SourceQuality "1"]

1. e4 c5 2. Nf3 d6 3. d4 cxd4 4. Nxd4 Nf6 5. Nc3 g6 6. Be3 Nc6 7. f3 h5 8. Bc4 Bd7 9. Qd2 Nxd4 10. Qxd4 Bg7 11. 0-0-0 0-0 12. Qd2 b5 13. Bxb5 Bxb5 14. Nxb5 Qd7 15. Nc3 Rfc8 16. Bd4 Rc4 17. Rhe1 Rac8 18. e5 Ne8 19. e6 fxe6 20. Bxg7 Nxg7 21. Re4 R4c5 22. Qh6 Qe8 23. g4 R8c6 24. Rg1 a5 25. gxh5 Rxh5 26. Qd2 Kh7 27. Reg4 Nf5 28. Ne4 e5 29. Ng5+ Kg7 30. Ne6+ Kf6 31. Nf8 Nh4 32. Qd5 Rxc2+ 33. Kxc2 Qxf8 34. Kb1 Qc8 35. Ka1 Qf5 36. Qg8 g5 37. Qf8+ Ke6 38. Qc8+ Kf6 39. Qf8+ Ke6 40. Qg8+ Kf6 41. f4 exf4 42. Qf8+ Kg6 43. Qg8+ Kh6 44. Qh8+ Kg6 45. Qg8+ Kh6 46. Qh8+ Kg6 47. Qg8+ 1/2-1/2

[Event "Karlsruhe Grenke op"]
[Site "Karlsruhe"]
[Date "2025.04.20"]
[Round "7"]
[White "Garner, Isaac"]
[Black "Kenneskog, Theodor"]
[Result "1-0"]
[WhiteElo "2377"]
[BlackElo "2278"]
[PlyCount "113"]
[EventDate "2025.04.17"]
[EventType "swiss"]
[EventRounds "9"]
[EventCountry "GER"]
[SourceTitle "CB17_2025"]
[SourceDate "2025.04.23"]
[SourceVersion "1"]
[SourceVersionDate "2025.04.23"]
[SourceQuality "1"]

1. d4 d6 2. Nf3 Nf6 3. c4 g6 4. Nc3 Bg7 5. e4 Bg4 6. Be2 Bxf3 7. Bxf3 e5 8. d5 h5 9. Be2 Nbd7 10. 0-0 Qe7 11. Rb1 Bh6 12. Bxh6 Rxh6 13. Qd2 Rh8 14. b4 Kf8 15. f3 Kg7 16. Nd1 c5 17. a3 b6 18. Nf2 h4 19. Nd3 Nh5 20. Bd1 Rac8 21. Qc3 g5 22. Nf2 cxb4 23. axb4 b5 24. Ng4 Qd8 25. Ne3 Qb6 26. Rf2 Nf4 27. Kf1 bxc4 28. Ba4 Nc5 29. Bc6 Ncd3 30. Nf5+ Kf6 31. Ra2 h3 32. g3 Ng2 33. Re2 Ndf4 34. gxf4 Rcg8 35. fxe5+ dxe5 36. Ne3 Nf4 37. Ng4+ Kg6 38. Nxe5+ Kh5 39. Rf2 Qc7 40. Nxc4 Ng2 41. Qe5 Qd8 42. Ke2 Rh6 43. Kd2 Rxc6 44. Qf5 Nf4 45. Ne5 Rf6 46. Qh7+ Rh6 47. Qxh6+ Kxh6 48. Nxf7+ Kg6 49. Nxd8 Rxd8 50. Ra1 Rd7 51. Ra6+ Kh5 52. Kc3 Ng2 53. Kd4 Rf7 54. d6 Nh4 55. Kd5 Nxf3 56. Ke6 Rf4 57. Rxf3 1-0

[Event "Karlsruhe Grenke op"]
[Site "Karlsruhe"]
[Date "2025.04.19"]
[Round "5"]
[White "Ginsburg, Gennadij"]
[Black "Kenneskog, Theodor"]
[Result "1/2-1/2"]
[WhiteElo "2429"]
[BlackElo "2278"]
[PlyCount "84"]
[EventDate "2025.04.17"]
[EventType "swiss"]
[EventRounds "9"]
[EventCountry "GER"]
[SourceTitle "CB17_2025"]
[SourceDate "2025.04.23"]
[SourceVersion "1"]
[SourceVersionDate "2025.04.23"]
[SourceQuality "1"]

1. e4 d6 2. d4 Nf6 3. Nc3 e5 4. Nf3 Nbd7 5. Bc4 Be7 6. 0-0 0-0 7. Re1 exd4 8. Nxd4 Ne5 9. Bf1 Re8 10. h3 Bf8 11. b3 Ng6 12. Bb2 c6 13. Qd2 Bd7 14. a4 Qc7 15. g3 Rad8 16. Bg2 c5 17. Ndb5 Qb8 18. Nd5 Nxd5 19. Qxd5 Bc6 20. Qd2 a6 21. Nc3 b5 22. axb5 axb5 23. Nd5 Qb7 24. h4 Ne7 25. h5 h6 26. Nf4 Nc8 27. Qd3 Nb6 28. g4 Nd7 29. Nd5 Bxd5 30. Qxd5 Qxd5 31. exd5 Rxe1+ 32. Rxe1 Ra8 33. Ra1 Rxa1+ 34. Bxa1 Be7 35. Bc3 b4 36. Bd2 Bf6 37. f4 Bd4+ 38. Kf1 Kf8 39. Ke2 Ke7 40. Be4 Nb6 41. Kd3 Bb2 42. Be1 Nc8 1/2-1/2

[Event "Sant Boi de Llobregat op 5th"]
[Site "Sant Boi de Llobregat"]
[Date "2024.11.30"]
[Round "2"]
[White "Paprocki, Jaroslaw"]
[Black "Kenneskog, Theodor"]
[Result "1/2-1/2"]
[WhiteElo "2172"]
[BlackElo "2275"]
[PlyCount "113"]
[EventDate "2024.11.29"]
[EventType "swiss"]
[EventRounds "10"]
[EventCountry "ESP"]
[SourceTitle "CB50_2024"]
[SourceDate "2024.11.01"]
[SourceVersion "1"]
[SourceVersionDate "2024.11.01"]
[SourceQuality "2"]

1. e4 c5 2. Nf3 d6 3. d4 cxd4 4. Nxd4 Nf6 5. f3 e5 6. Nb3 d5 7. Bg5 d4 8. c3 Nc6 9. cxd4 Bb4+ 10. Bd2 Nxe4 11. Bxb4 Qh4+ 12. g3 Nxg3 13. hxg3 Qxh1 14. Bc5 Bh3 15. N1d2 Bxf1 16. Nxf1 0-0-0 17. Qd3 exd4 18. Qf5+ Kb8 19. 0-0-0 Qh6+ 20. f4 Qg6 21. Qxg6 hxg6 22. Nxd4 Nxd4 23. Bxd4 Rh1 24. Be5+ Kc8 25. Ne3 Rdxd1+ 26. Nxd1 Rg1 27. Bxg7 Rxg3 28. Kd2 Kd7 29. Nf2 g5 30. Be5 Rg2 31. Ke2 gxf4 32. Kf3 Rg1 33. Bxf4 Rb1 34. Nd3 b6 35. Bc1 f5 36. Ke3 Ke6 37. Kd4 Ra1 38. a3 a5 39. Kc4 a4 40. Be3 b5+ 41. Kxb5 Kd5 42. Bb6 Rb1 43. Kb4 f4 44. Kc3 f3 45. Be3 Ke4 46. Kd2 Kd5 47. Bf2 Kc4 48. Kc2 Rh1 49. Kd2 Rb1 50. Bg3 Rg1 51. Bf2 Rb1 52. Ba7 Rh1 53. Ke3 Rh2 54. Ne5+ Kd5 55. Nd3 Kc4 56. Ne5+ Kd5 57. Nd3 1/2-1/2

[Event "EU-Cup 39th"]
[Site "Vrnjacka Banja"]
[Date "2024.10.24"]
[Round "5.6"]
[White "Holland, James P"]
[Black "Kenneskog, Theodor"]
[Result "1/2-1/2"]
[WhiteElo "2215"]
[BlackElo "2266"]
[PlyCount "47"]
[EventDate "2024.10.20"]
[EventType "team-swiss"]
[EventRounds "7"]
[EventCountry "SRB"]
[SourceTitle "CB44_2024"]
[Source "Chessbase"]
[SourceDate "2024.10.30"]
[SourceVersion "1"]
[SourceVersionDate "2024.10.30"]
[SourceQuality "1"]
[WhiteTeam "The Sharks"]
[BlackTeam "Rockaden"]
[WhiteTeamCountry "ENG"]
[BlackTeamCountry "SWE"]

1. Nf3 d5 2. g3 c5 3. Bg2 Nc6 4. d4 e6 5. 0-0 Nf6 6. c4 dxc4 7. Qa4 Bd7 8. Qxc4 b5 9. Qd3 c4 10. Qd2 Rc8 11. Rd1 Be7 12. Ne5 0-0 13. e4 Be8 14. Nxc6 Rxc6 15. Qe2 Rc8 16. d5 e5 17. Nd2 Bc5 18. Nf1 Bd7 19. Ne3 Ne8 20. Bd2 Nd6 21. Rac1 Qb6 22. b4 cxb3 23. axb3 Bd4 24. Be1 1/2-1/2

[Event "Pardubice Czech op-A 35th"]
[Site "Pardubice"]
[Date "2024.07.25"]
[Round "7"]
[White "Fiskaaen, Martin Holten"]
[Black "Kenneskog, Theodor"]
[Result "1-0"]
[WhiteElo "2156"]
[BlackElo "2324"]
[PlyCount "79"]
[EventDate "2024.07.19"]
[EventType "swiss"]
[EventRounds "9"]
[EventCountry "CZE"]
[SourceTitle "CBM 221 Extra"]
[Source "ChessBase"]
[SourceDate "2024.09.30"]
[SourceVersion "1"]
[SourceVersionDate "2024.09.30"]
[SourceQuality "1"]

1. d4 Nf6 2. c4 e6 3. Nf3 c5 4. d5 d6 5. Nc3 exd5 6. cxd5 g6 7. Bf4 a6 8. a4 Bg7 9. e4 0-0 10. Bd3 Bg4 11. h3 Bxf3 12. Qxf3 Qe7 13. 0-0 Nbd7 14. Qe2 Ne8 15. Rae1 Nc7 16. Bh2 Ne5 17. Bb1 b5 18. f4 Nd7 19. e5 b4 20. Ne4 Ne8 21. Qf3 dxe5 22. f5 Nef6 23. d6 Qd8 24. Ng5 Rc8 25. fxg6 hxg6 26. Qf2 c4 27. Kh1 Ng4 28. Qh4 Bh6 29. Qxg4 Bxg5 30. Bxe5 Nxe5 31. Rxe5 Bf6 32. Re6 Bg7 33. Re7 c3 34. Rd7 Qe8 35. bxc3 bxc3 36. Ba2 Qe3 37. Rdxf7 Kh8 38. d7 Rb8 39. Qh4+ Qh6 40. Rxf8+ 1-0

[Event "Pardubice Czech op-A 35th"]
[Site "Pardubice"]
[Date "2024.07.22"]
[Round "4"]
[White "Bhavik, Ahuja"]
[Black "Kenneskog, Theodor"]
[Result "1/2-1/2"]
[WhiteElo "2166"]
[BlackElo "2324"]
[PlyCount "81"]
[EventDate "2024.07.19"]
[EventType "swiss"]
[EventRounds "9"]
[EventCountry "CZE"]
[SourceTitle "CBM 221 Extra"]
[Source "ChessBase"]
[SourceDate "2024.09.30"]
[SourceVersion "1"]
[SourceVersionDate "2024.09.30"]
[SourceQuality "1"]

1. e4 c5 2. Nc3 Nc6 3. g3 g6 4. Bg2 Bg7 5. d3 Rb8 6. Be3 b5 7. Qd2 d6 8. Nge2 Nd4 9. 0-0 h5 10. h3 e6 11. f4 b4 12. Nd1 Ne7 13. c3 bxc3 14. bxc3 Nxe2+ 15. Qxe2 0-0 16. g4 hxg4 17. hxg4 f5 18. Rc1 Qd7 19. Nf2 Ba6 20. gxf5 gxf5 21. c4 Rb2 22. Rc2 Rxc2 23. Qxc2 Rb8 24. Rb1 Qc8 25. Rxb8 Qxb8 26. Qa4 Qc8 27. Nh3 fxe4 28. dxe4 Bd4 29. Bxd4 cxd4 30. Ng5 d3 31. Qd1 Qxc4 32. Qg4 d2 33. Nxe6+ Kf7 34. Ng5+ Ke8 35. Bf3 Qf1+ 36. Kh2 Qf2+ 37. Kh1 Qe1+ 38. Kh2 Qf2+ 39. Kh1 Bd3 40. f5 Qe1+ 41. Kh2 1/2-1/2

[Event "Pardubice Czech op-A 35th"]
[Site "Pardubice"]
[Date "2024.07.19"]
[Round "1"]
[White "Neuhoff, Laertes"]
[Black "Kenneskog, Theodor"]
[Result "0-1"]
[WhiteElo "2090"]
[BlackElo "2324"]
[PlyCount "92"]
[EventDate "2024.07.19"]
[EventType "swiss"]
[EventRounds "9"]
[EventCountry "CZE"]
[SourceTitle "CBM 221 Extra"]
[Source "ChessBase"]
[SourceDate "2024.09.30"]
[SourceVersion "1"]
[SourceVersionDate "2024.09.30"]
[SourceQuality "1"]

1. e4 c5 2. Nf3 d6 3. d4 cxd4 4. Nxd4 Nf6 5. Nc3 a6 6. g3 e5 7. Nb3 Be7 8. Bg2 0-0 9. 0-0 b5 10. a4 b4 11. Nd5 Nxd5 12. Qxd5 Ra7 13. Be3 Be6 14. Qd3 Rb7 15. f4 Qc7 16. Rfd1 Bc4 17. Qd2 Nd7 18. f5 Nf6 19. Nc1 a5 20. b3 Ba6 21. Nd3 Ng4 22. Rac1 Rc8 23. Bh3 Nxe3 24. Qxe3 Bf6 25. Bf1 Qc3 26. h4 Bd8 27. Qe1 Bb6+ 28. Kg2 Rbc7 29. Qxc3 Rxc3 30. Ne1 Bxf1+ 31. Kxf1 Rxg3 32. Rxd6 Bd4 33. Rd1 h6 34. Rd3 Rg1+ 35. Ke2 Rg4 36. Kf3 Rf4+ 37. Kg2 Rxe4 38. Nf3 Rxc2+ 39. Kg3 Rc3 40. Rxc3 bxc3 41. Rd8+ Kh7 42. Rc8 Re2 43. Nxd4 exd4 44. Kf3 Re3+ 45. Kf2 Re5 46. f6 gxf6 0-1

[Event "Teplice op 17th"]
[Site "Teplice"]
[Date "2024.06.23"]
[Round "9"]
[White "Kenneskog, Theodor"]
[Black "Vanek, Tomas"]
[Result "1-0"]
[WhiteElo "2350"]
[BlackElo "2112"]
[PlyCount "77"]
[EventDate "2024.06.15"]
[EventType "swiss"]
[EventRounds "9"]
[EventCountry "CZE"]
[SourceTitle "CBM 220 Extra"]
[Source "ChessBase"]
[SourceDate "2024.07.31"]
[SourceVersion "1"]
[SourceVersionDate "2024.07.31"]
[SourceQuality "1"]

1. e4 e5 2. Nf3 Nc6 3. Bb5 a6 4. Ba4 Nf6 5. 0-0 Nxe4 6. d4 b5 7. Bb3 d5 8. dxe5 Be6 9. c3 Be7 10. Nbd2 0-0 11. Bc2 f5 12. Nb3 Qd7 13. Nbd4 Nd8 14. Nxe6 Nxe6 15. Nd4 c5 16. Nxf5 Rxf5 17. Bxe4 Rxe5 18. Bc2 g6 19. f4 Rh5 20. f5 Qd6 21. g3 Ng5 22. Qg4 Rf8 23. Bf4 Qd7 24. Rad1 Nh3+ 25. Kg2 Bf6 26. Be3 d4 27. cxd4 c4 28. Rde1 Kg7 29. Qe4 g5 30. Qe6 Qd8 31. Bd1 Rh6 32. Bg4 Re8 33. Qc6 Rxe3 34. Rxe3 Bxd4 35. Re8 Rxc6 36. Rxd8 Bxb2 37. Kxh3 Bf6 38. Rd7+ Kh6 39. Re1 1-0

[Event "Teplice op 17th"]
[Site "Teplice"]
[Date "2024.06.22"]
[Round "8"]
[White "Iturrizaga Bonelli, Eduardo"]
[Black "Kenneskog, Theodor"]
[Result "1-0"]
[WhiteElo "2590"]
[BlackElo "2350"]
[PlyCount "57"]
[EventDate "2024.06.15"]
[EventType "swiss"]
[EventRounds "9"]
[EventCountry "CZE"]
[SourceTitle "CBM 220 Extra"]
[Source "ChessBase"]
[SourceDate "2024.07.31"]
[SourceVersion "1"]
[SourceVersionDate "2024.07.31"]
[SourceQuality "1"]

1. c4 e6 2. g3 d5 3. d4 Nf6 4. Bg2 dxc4 5. Nf3 c5 6. 0-0 Nc6 7. dxc5 Qxd1 8. Rxd1 Bxc5 9. Nbd2 c3 10. bxc3 0-0 11. Nb3 Be7 12. c4 Bd7 13. a4 Rac8 14. Be3 Rfd8 15. a5 e5 16. h3 Be6 17. Nfd2 Nd4 18. Bxd4 exd4 19. Bxb7 Rc7 20. a6 Bb4 21. Nf3 Bc3 22. Ra4 Rxc4 23. Rxc4 Bxc4 24. Nbxd4 Bxd4 25. Rxd4 Rxd4 26. Nxd4 Nd7 27. Nc6 Bxe2 28. Nxa7 Nc5 29. Nb5 1-0

[Event "Teplice op 17th"]
[Site "Teplice"]
[Date "2024.06.17"]
[Round "3"]
[White "Kenneskog, Theodor"]
[Black "Werner, Hong Quan Dan"]
[Result "0-1"]
[WhiteElo "2350"]
[BlackElo "2124"]
[PlyCount "74"]
[EventDate "2024.06.15"]
[EventType "swiss"]
[EventRounds "9"]
[EventCountry "CZE"]
[SourceTitle "CBM 220 Extra"]
[Source "ChessBase"]
[SourceDate "2024.07.31"]
[SourceVersion "1"]
[SourceVersionDate "2024.07.31"]
[SourceQuality "1"]

1. e4 c5 2. Nf3 Nc6 3. d4 cxd4 4. Nxd4 Nf6 5. Nc3 e5 6. Ndb5 d6 7. Nd5 Nxd5 8. exd5 Nb8 9. g4 Be7 10. Rg1 Nd7 11. Be3 Nf8 12. Qd2 a6 13. Nc3 Bd7 14. 0-0-0 Ng6 15. Kb1 Nh4 16. Be2 g5 17. Ne4 h6 18. c4 f5 19. gxf5 Bxf5 20. Bh5+ Ng6 21. f3 0-0 22. Ka1 Nh4 23. c5 Bxe4 24. fxe4 Kg7 25. c6 Qc7 26. Rc1 Rab8 27. a3 Bd8 28. cxb7 Qxb7 29. Rc6 Nf3 30. Bxf3 Rxf3 31. b4 a5 32. Bxg5 hxg5 33. Rxg5+ Bxg5 34. Qxg5+ Kf8 35. Qh6+ Kg8 36. Qe6+ Kh7 37. Ka2 Rxa3+ 0-1